Responses for show #7671 - Monday, January 8, 2018

Contestants

[<< previous game]

Dave Daniel, a retired security manager from Shelley, Idaho

Jamie Rosler, an event host from Brooklyn, New York

Brandon Brooks, an HR manager from Chicago, Illinois (whose 1-day cash winnings total $10,801)

[next game >>]

Jeopardy! Round responses

NOT CLOSE ENOUGH FOR JAZZ
LET THERE BE LIGHTING!
HANDY ADVICE
WORDS MADE UP OF ROMAN NUMERALS
THE SPANISH INQUISITION
2.0
    $200 21
Thelonious Monk

Dave
    $200 11
a dimmer switch

Dave
    $200 6
beer

Dave
    $200 1
vim

Jamie
    $200 26
heresy

Triple Stumper
    $200 16
Intel

Brandon
    $400 22
(Brandon: Who is Winston Marsalis?)
(Alex: Say it again.)
(Brandon: Winston Marsalis?)

Wynton Marsalis

BrandonJamie
    $400 12
a blacklight

Jamie
    $400 7
(Brandon: What is the garage?)

the keyhole

Brandon
Triple Stumper
    $400 2
a mill

Brandon
    $400 27
Jewish

Jamie
    $400 17
FIFA

Brandon
    $600 23
Stan Getz

Dave
    $600 13
a glowstick

Jamie
    $600 8
lug nuts

Dave
    $600 3
mimic

Jamie
    $600 28
(Jamie: What is... at the stake?)
...
[The end-of-round signal sounds.]

burned in effigy

Jamie
    $600 18
(Jamie: What is Microsoft Office?)
(Dave: What is Microsoft XP?)

Microsoft Windows 2.0

JamieDave
Triple Stumper
    $800 24
(Alex: With less than a minute now.)

Django Reinhardt

Dave
    $800 14
(Jamie: What is gas lamp?)

an arc lamp

JamieDave
    $800 9
how do you fix a squeaky door

Triple Stumper
    $800 4
your civic duty

Brandon
    $800 19
Chicago

Brandon
    $1000 25
Gene Krupa

Dave
    $1000 15
argon

Brandon
    $1000 10
a sand blaster

Dave
    $1000 5
(Brandon: Oh, goodness. What is mad?)

livid

BrandonDave
    $1000 20
Travis Kalanick

Triple Stumper

Scores at the first commercial break (after clue 15):

Brandon Jamie Dave
$800 $1,000 $3,800

Scores at the end of the Jeopardy! Round:

Brandon Jamie Dave
$1,800 $600 $5,800

Double Jeopardy! Round responses

NATIONAL COATS OF ARMS
THERMODYNAMICS
WOMEN'S FIRSTS
BROADWAY MUSICALS BY SONGS
BRITISH AUTHORS
THAT'S OXYMORONIC
    $400 26
(Brandon: What is a sword?)

a spear

BrandonJamie
    $400 7
heat

Jamie
    $400 11
a rabbi

Jamie
    $400 1
Evita

Jamie
    $400 21
Dr. Dolittle

Jamie
    $400 6
a civil war

Dave
    $800 30
Ireland

Brandon
    $800 8
a piston

Dave
    $800 12
a space shuttle

Dave
    $800 2
Jersey Boys

Brandon
    $1,000 20
Ian Fleming

Jamie
    $800 25
a silent alarm

Brandon
    $2,000 29
(Jamie: What is the zebra?)

elephant

Jamie
    $1200 9
equilibrium

Brandon
    $1200 13
(Danica) Patrick

Brandon
    $1200 3
The Wiz

Brandon
    $1200 19
Nick Hornby

Jamie
    $1200 24
an open secret

Brandon
    $1600 28
Hungary

Triple Stumper
    $1600 10
zeroth

Triple Stumper
    $1600 16
Janet Yellen

Jamie
    $1600 4
Hello, Dolly!

Triple Stumper
    $1600 17
Ken Follett

Triple Stumper
    $1600 23
passive resistance

Jamie
    $2000 27
(Dave: What is a zebra?)

Victoria Falls

JamieDave
    $2000 14
entropy

Dave
    $2000 15
astronomy

Triple Stumper
    $2000 5
Waitress

Triple Stumper
    $2000 18
(Jamie: Who is Oscar Wilde?)
...
(Jamie: Oh! The other one.)

D.H. Lawrence

Jamie
Triple Stumper
    $2000 22
friendly fire

Dave

Scores at the end of the Double Jeopardy! Round:

Brandon Jamie Dave
$8,600 $6,000 $9,800

[wagering suggestions for these scores]

Final Jeopardy! Round responses

U.S. PRESIDENTS
(Alex: [To Jamie] Gerald Ford was taking the Oath of Office.)
...
(Alex: [To Dave] Sidetracked with the mention of Missouri, I guess.)
JamieWho is Nixon?
$4,001
BrandonWho is Nixon
$8,000
DaveWho was Truman?
$7,799
Richard Nixon

Final scores:

Brandon Jamie Dave
$16,600 $10,001 $2,001
2-day champion: $27,401 2nd place: $2,000 3rd place: $1,000

Game dynamics:

Coryat scores:

Brandon Jamie Dave
$8,600 $8,400 $9,800
13 R,
4 W
16 R
(including 1 DD),
5 W
(including 2 DDs)
15 R,
2 W

Combined Coryat: $26,800

The J! Archive is created by fans, for fans. The Jeopardy! game show and all elements thereof, including but not limited to copyright and trademark thereto, are the property of Jeopardy Productions, Inc. and are protected under law. This website is not affiliated with, sponsored by, or operated by Jeopardy Productions, Inc. Join the discussion at JBoard.tv.